Эндометриоидный рак: практические рекомендации по диагностике, лечению и наблюдению (Запись № 11099879)

Подробности
000 -МАРКЕР
контрольное поле 02096nam0a2200349 4500
001 - ИДЕНТИФИКАТОР ЗАПИСИ
контрольное поле RU\NLR\BIBL_A\011644982
005 - ИДЕНТИФИКАТОР ВЕРСИИ
контрольное поле 20180312114629.0
010 ## - МЕЖДУНАРОДНЫЙ СТАНДАРТНЫЙ НОМЕР КНИГИ (ISBN)
Номер (ISBN) 978-5-6040135-6-4
Тираж 50
021 ## - НОМЕР ГОСУДАРСТВЕННОЙ РЕГИСТРАЦИИ
Код страны Российская Федерация
Номер КН-П-18-006670
Номер Листа государственной регистраци КН-П-18-0455
035 ## - ДРУГИЕ СИСТЕМНЫЕ НОМЕРА
Идентификатор записи (NLR Aleph) 011644982
035 ## - ДРУГИЕ СИСТЕМНЫЕ НОМЕРА
Идентификатор записи (RuMoRGB)009530619
100 ## - ДАННЫЕ ОБЩЕЙ ОБРАБОТКИ
Данные общей обработки 20180228d2018 u y0rusy50 ca
101 0# - ЯЗЫК РЕСУРСА
Язык текста, звукозаписи и т.д. русский
102 ## - СТРАНА ПУБЛИКАЦИИ ИЛИ ПРОИЗВОДСТВА
Страна публикации Российская Федерация
105 ## - ПОЛЕ КОДИРОВАННЫХ ДАННЫХ: ТЕКСТОВЫЕ МАТЕРИАЛЫ, МОНОГРАФИЧЕСКИЕ
Кодированные данные о монографическом текстовом документе |||j|||000zy
200 1# - ЗАГЛАВИЕ И СВЕДЕНИЯ ОБ ОТВЕТСТВЕННОСТИ
Основное заглавие Эндометриоидный рак: практические рекомендации по диагностике, лечению и наблюдению
Сведения, относящиеся к заглавию учебно-методическое пособие
Первые сведения об ответственности А.Э. Протасова, Р.В. Орлова, А.А. Цыпурдеева [и др.]
Последующие сведения об ответственности Федеральное государственное бюджетное образовательное учреждение высшего образования "Санкт-Петербургский государственный университет"
210 ## - ПУБЛИКАЦИЯ, РАСПРОСТРАНЕНИЕ И ДР.
Место издания, распространения и т.д. Санкт-Петербург
Имя издателя, распространителя и т. д. СПбГПМУ
Дата издания, распространения и т.д. 2018
215 ## - ФИЗИЧЕСКАЯ ХАРАКТЕРИСТИКА
Специфическое обозначение материала и объем 35 с.
Другие сведения о физической характеристике ил., табл.
Размеры 21
300 ## - ОБЩИЕ ПРИМЕЧАНИЯ
Текст примечания На обороте тит. л. авт.: А.Э. Протасова, д.м.н., Р.В. Орлова, д.м.н., проф., А.А. Цыпурдеева, к.м.н., доц.
320 ## - ПРИМЕЧАНИЯ О НАЛИЧИИ В ДОКУМЕНТЕ БИБЛИОГРАФИИ / УКАЗАТЕЛЯ
Текст примечания Библиогр.: с. 35 (13 назв.)
606 1# - НАИМЕНОВАНИЕ ТЕМЫ КАК ПРЕДМЕТ
Наименование темы Рак (онкол.) эндометрия
Формальный подзаголовок Учебно-методические пособия для высших учебных заведений
Код системы nlr_sh2
Идентификатор авторитетной/нормативной записи RU\NLR\AUTH\661460600
686 ## - ИНДЕКСЫ ДРУГИХ КЛАССИФИКАЦИЙ
Индекс Р569.71Рак.я73-14
Код системы
686 1# - ИНДЕКСЫ ДРУГИХ КЛАССИФИКАЦИЙ
Индекс Р569.714.1 Рак.я73
701 #1 - ИМЯ ЛИЦА - АЛЬТЕРНАТИВНАЯ ОТВЕТСТВЕННОСТЬ
Начальный элемент ввода Протасова
Часть имени, кроме начального элемента ввода А. Э.
Расширение инициалов личного имени Анна Эдуардовна
701 #1 - ИМЯ ЛИЦА - АЛЬТЕРНАТИВНАЯ ОТВЕТСТВЕННОСТЬ
Начальный элемент ввода Орлова
Часть имени, кроме начального элемента ввода Р. В.
Дополнения к именам, кроме дат д-р мед. наук, онкология
Расширение инициалов личного имени Рашида Вахидовна
Идентификатор авторитетной/нормативной записи RU\NLR\AUTH\77108947
701 #1 - ИМЯ ЛИЦА - АЛЬТЕРНАТИВНАЯ ОТВЕТСТВЕННОСТЬ
Начальный элемент ввода Цыпурдеева
Часть имени, кроме начального элемента ввода А. А.
Расширение инициалов личного имени Анна Алексеевна
942 ## - ДОПОЛНИТЕЛЬНЫЕ ЭЛЕМЕНТЫ ЗАПИСИ (АБИС)
Тип экземпляра АБИС Книга
980 ## - КОЛЛЕКЦИЯ
Название коллекции НБР
980 ## - КОЛЛЕКЦИЯ
Название коллекции Национальная библиография

Нет доступных экземпляров.